| 000 | 01019nam a22003257a 4500 | ||
|---|---|---|---|
| 003 | CHAP | ||
| 005 | 20220329134750.0 | ||
| 008 | 971013s1976 r 00010 d | ||
| 010 | _a25522 | ||
| 011 | _a26494 | ||
| 035 | _a30595 | ||
| 040 | _cCHAP | ||
| 082 |
_a540.3 _bC6 |
||
| 245 | _aConcise etymological dictionary of chemistry | ||
| 260 |
_aLondon : _bApplied Science, _c1976 |
||
| 300 | _a140 p. | ||
| 590 |
_aBATCH-UPD _b10 _c20130109 _lUCH01 _h2310 |
||
| 590 |
_aBATCH-UPD _b10 _c20130110 _lUCH01 _h2018 |
||
| 590 |
_aBATCH-UPD _b10 _c20130410 _lUCH01 _h1336 |
||
| 590 |
_aBATCH-UPD _b10 _c20130914 _lUCH01 _h0612 |
||
| 590 |
_aCONVERSION _b10 _c20130109 _lUCH01 _h1315 |
||
| 650 | 1 | 4 |
_aQuĂmica _xDiccionarios. _993558 |
| 700 | 0 |
_aBevan, Stanley C. _912110 |
|
| 700 | 0 |
_aGregg, S. John. _950602 |
|
| 700 | 0 |
_aRosseinsky, Angela. _9100203 |
|
| 901 | _aBK | ||
| 942 | _cLIBRO | ||
| 949 |
_a540.3 C6 _bBC _cC _d33724000534160 _eC _fc.2 _h51429 _i30595 _si |
||
| 949 |
_a540.3 C6 _bBC _cC _d33724000534178 _eC _h51428 _i30595 _si |
||
| 999 |
_c25522 _d25522 |
||